LEADER 01155nam a2200241 i 4500 001 000000183766 003 CaOOAMICUS 005 20250219160224.0 008 091126s1984 xx u000 u fre u 040 $aSeMil$bita 100 1 $aChappin, Marcel,$c.$0(OLS)http://semarc/name/40077 245 10$aPie 7. et les Pays-Bas :$btensions religieuses et tolérance civile : 1814-1817 /$cMarcel Chappin. 264 1$aRoma :$bUniversità Gregoriana,$c1984. 300 $a383 p. ;$c25 cm. 490 1 $aMiscellanea Historiae Pontificiae ;$v49. 600 04$aPio VII .$0(OLS)http://semarc/subject/4922 650 4$aPaesi Bassi - Storia religiosa.$0(OLS)http://semarc/subject/39297 830 0$aMiscellanea Historiae Pontificiae ;$v49.$0(OLS)http://semarc/title/24 850 $aSeMil 852 $aSeMil$W1$xVenegono$y1$m3TA M 49$j254613$B134466$CSeMilBibl$Z2$F146076 $81 996 $6245$aPie 7. et les Pays-Bas :$btensions religieuses et tolérance civile : 1814-1817$9(OLS)http://semarc/title/263729 996 $6264$aRoma :$bUniversità Gregoriana$9(OLS)http://semarc/publisher/31479 LEADER 01360nam a2200301 i 4500 001 000000192657 003 CaOOAMICUS 005 20150713000000.0 008 150713s1932 it u000 u ita u 013 $a171281 040 $aSeMil$bita 100 1 $aTanquerey, Adolphe <1854-1932>.$0(OLS)http://semarc/name/1461 245 10$aCompendio di teologia ascetica e mistica /$cAdolfo Tanquerey ; versione italiana di Filippo Trucco e [di] Luigi Giunta. 250 $a3. ed. 260 $aTournai ; Paris ; Rome ; New York :$bDesclée,$c1932. 260 $aRoma :$bSocietà di S. Giovanni Evangelista,$c1932. 300 $aLXIII, 979, 31 p. ;$c18 cm. 500 $aFondo card. Giovanni Colombo. 650 4$aAscetica e mistica - Manuali.$0(OLS)http://semarc/subject/4031 700 1 $aGiunta, Luigi.$0(OLS)http://semarc/name/22561 700 1 $aTrucco, Filippo.$0(OLS)http://semarc/name/22560 850 $aSeMil 852 $aSeMil$W1$xVenegono$y1$m3GC I 404$j143232$B143232$CSeMilBibl$Z2$F154680 $8B 941 1 $a3 961 $aLascito: Colombo Card. Giovanni 996 $6245$aCompendio di teologia ascetica e mistica$9(OLS)http://semarc/title/67374 996 $6260$aRoma :$bSocietà di S. Giovanni Evangelista$9(OLS)http://semarc/publisher/35792 996 $6260$aTournai ; Paris ; Rome ; New York :$bDesclée$9(OLS)http://semarc/publisher/32510